书目信息 |
| 题名: |
认知语言学入门
|
|
| 作者: | 施密德 著 | |
| 分册: | ||
| 出版信息: | 北京 外语教学与研究出版社 2008.10 |
|
| 页数: | 384页 | |
| 开本: | 22cm | |
| 丛书名: | 当代国外语言学与应用语言学文库 | |
| 单 册: | ||
| 中图分类: | H0 | |
| 科图分类: | ||
| 主题词: | 认知科学--语言学 | |
| 电子资源: | ||
| ISBN: | 978-7-5600-7864-9 | |
| 000 | 00960nam 2200277 450 | |
| 001 | CALB0120111008313m | |
| 005 | 20110830094637.75 | |
| 010 | @a978-7-5600-7864-9@dCNY38.90 | |
| 100 | @a19910131d2008 ekmy0chiy50 ea | |
| 101 | 0 | @achi |
| 102 | @aCN@b110000 | |
| 106 | @ar | |
| 200 | 1 | @a认知语言学入门@f(德)施密德著@F(de)shi mi de zhu |
| 205 | @a第2版 | |
| 210 | @a北京@c外语教学与研究出版社@d2008.10 | |
| 210 | @a北京@c外语教学与研究出版社 | |
| 215 | @a384页@d22cm | |
| 225 | 2 | @a当代国外语言学与应用语言学文库 |
| 330 | @a《认知语言学入门》第一版于1996年问世,成为当时国内外第一本认知语言学教科书。在书中,两位作者细致入微地阐释了认知语言学的核心概念,同时,又探讨了在诸如象似性、词汇变化、语法化和语言教学等研究中引入认知概念的种种益处。 | |
| 410 | 0 | @12001 @a当代国外语言学与应用语言学文库 |
| 586 | @a | |
| 606 | 0 | @a认知科学@x语言学 |
| 690 | @aH0@v5 | |
| 701 | 0 | @a施密德@Ashi mi de@4著 |
| 801 | 0 | @aCN@c20110610 |
| 905 | @dH0@eS495@f3 | |
| 认知语言学入门/(德)施密德著.-第2版.-北京:外语教学与研究出版社,2008.10.-北京:外语教学与研究出版社 |
| 384页;22cm.-(当代国外语言学与应用语言学文库) |
| ISBN 978-7-5600-7864-9:CNY38.90 |
| 《认知语言学入门》第一版于1996年问世,成为当时国内外第一本认知语言学教科书。在书中,两位作者细致入微地阐释了认知语言学的核心概念,同时,又探讨了在诸如象似性、词汇变化、语法化和语言教学等研究中引入认知概念的种种益处。 |
| ● |
| 相关链接 |
|
|
|
正题名:认知语言学入门
索取号:H0/S495
 
预约/预借
| 序号 | 登录号 | 条形码 | 馆藏地/架位号 | 状态 | 备注 |
| 1 | 888707 | 208887070 | 外国语学院资料室/209语言库 61排3列4层/ [索取号:H0/S495] | 在馆 | |
| 2 | 888708 | 208887089 | 语言库209/209语言库 61排3列4层/ [索取号:H0/S495] | 在馆 | |
| 3 | 888709 | 208887098 | 语言库209/209语言库 61排3列4层/ [索取号:H0/S495] | 在馆 |